LEADER 02376nam 2200505 450 001 9910466889103321 005 20200122094729.0 010 $a84-92619-95-3 035 $a(CKB)3790000000025485 035 $a(EBL)2086197 035 $a(SSID)ssj0001517410 035 $a(PQKBManifestationID)12496914 035 $a(PQKBTitleCode)TC0001517410 035 $a(PQKBWorkID)11500807 035 $a(PQKB)10180333 035 $a(MiAaPQ)EBC2086197 035 $a(Au-PeEL)EBL2086197 035 $a(OCoLC)914152946 035 $a(EXLCZ)993790000000025485 100 $a20200122d2014 uy 0 101 0 $aspa 135 $aur|n|---||||| 181 $ctxt 182 $cc 183 $acr 200 14$aLas mudanzas del cante en tiempo de silverio $eana?lisis histo?rico-musical de su escuela de cante /$fGuillermo Castro Buendi?a 210 1$aBarcelona :$cEdiciones Carena,$d2014. 215 $a1 online resource (722 p.) 225 0 $aFlamenco Las mudanzas del cante en tiempos de Silverio 300 $aDescription based upon print version of record. 320 $aIncludes bibliographical references. 327 $aPortada; Ti?tulo; Pro?logo; Prea?mbulo; Capi?tulo I: Consideraciones previas; I.1. La importancia de los registros sonoros y el papel de Silverio Franconetti; I.2. Sobre la terminologi?a del flamenco; II. Capi?tulo II. Corpus musical; II.1. La transcripcio?n de la mu?sica flamenca; II.2. Fundamentos de la mu?sica flamenca; III. Capi?tulo III. Los estilos; III.1. Cantes sin guitarra; III.2. Peteneras; III.3. Can?a y Polo; III.4. Liviana y Serrana; III.5. Seguiriyas; III.6. Soleares; III.6.9. Ape?ndice; III.7. Los Fandangos; III.7.5. Seleccio?n de grabaciones; Epi?logo; Bibliografi?a; Discografi?a; Videografi?a 327 $aGlosario de te?rminos flamencos y de otra i?ndoleAgradecimientos; Otros ti?tulos del mismo editor; ¿Le ha gustado este libro?; Copyright 606 $aFlamenco music$zSpain$xHistory and criticism 608 $aElectronic books. 615 0$aFlamenco music$xHistory and criticism. 676 $a781.62610468 700 $aCastro Buendi?a$b Guillermo$f1973-$0984922 801 0$bMiAaPQ 801 1$bMiAaPQ 801 2$bMiAaPQ 906 $aBOOK 912 $a9910466889103321 996 $aLas mudanzas del cante en tiempo de silverio$92250562 997 $aUNINA LEADER 03362 am 2200853 n 450 001 9910418040103321 005 20200127 010 $a2-37924-117-1 024 7 $a10.4000/books.puv.6906 035 $a(CKB)4100000011301790 035 $a(FrMaCLE)OB-puv-6906 035 $a(oapen)https://directory.doabooks.org/handle/20.500.12854/62451 035 $a(PPN)248498428 035 $a(EXLCZ)994100000011301790 100 $a20200616j|||||||| ||| 0 101 0 $afre 135 $auu||||||m|||| 181 $ctxt$2rdacontent 182 $cc$2rdamedia 183 $acr$2rdacarrier 200 10$aVoyages des textes de théâtre. Italie-France-Italie /$fFrançoise Decroisette 210 $aSaint-Denis $cPresses universitaires de Vincennes$d2020 215 $a1 online resource (192 p.) 311 $a2-84292-049-X 330 $aLa charrette de Scarron est une bonne fiction. Qu?il s?agisse du voyage des troupes ou de celui qu?entreprennent les artisans du spectacle pour « faire passer » le texte vers le spectateur, la notion de voyage est intimement liée à celle de théâtre. Appliquée à la seule traduction des textes, elle engage des mécanismes complexes ? sociologiques et politiques, esthétiques et culturels ? que ce volume s?attache à démêler sur la longue durée et dans le cadre emblématique des échanges théâtraux entre la France et l?Italie. Se trouvent ainsi étudiés les circuits suivis par des traductions-adaptations d?auteurs célèbres (L?Arétin, Goldoni, Molière?), ou le rôle joué par l?art lyrique dans l?invention d?une écriture mixte (cas d?un auteur italo-français du XVIIIe siècle, Jean Galli de Bibiena). Au c?ur du volume, un problème central : le rêve d?un métissage culturel n?est-il qu?une illusion ? 606 $aLiterature, Romance 606 $aTheater 606 $athéâtre 606 $atraduction 606 $aFrance 606 $aItalie 606 $aopéra 606 $ainterculturalité 606 $aéchange 606 $ascène 606 $aspectateur 606 $adix-septième siècle 610 $aItalie 610 $atraduction 610 $aopéra 610 $aéchange 610 $ascène 610 $aspectateur 610 $adix-septième siècle 610 $athéâtre 610 $aFrance 610 $ainterculturalité 615 4$aLiterature, Romance 615 4$aTheater 615 4$athéâtre 615 4$atraduction 615 4$aFrance 615 4$aItalie 615 4$aopéra 615 4$ainterculturalité 615 4$aéchange 615 4$ascène 615 4$aspectateur 615 4$adix-septième siècle 700 $aBerger$b Cécile$01309739 701 $aDecroisette$b Françoise$0384508 701 $aFabiano$b Andrea$0185095 701 $aJori$b Constance$01309740 701 $aLoubinoux$b Gérard$01309741 701 $aNgatoum$b Edmée Strauch$01309742 701 $aRichard$b Françoise$01309743 701 $aTatti$b Mariasilvia$0254847 701 $aZampolli$b Luciana$01309744 701 $aDecroisette$b Françoise$0384508 801 0$bFR-FrMaCLE 906 $aBOOK 912 $a9910418040103321 996 $aVoyages des textes de théâtre. Italie-France-Italie$93029549 997 $aUNINA LEADER 03182nam 22006495 450 001 9910416528403321 005 20251113204123.0 010 $a981-15-5757-8 024 7 $a10.1007/978-981-15-5757-6 035 $a(CKB)4100000011384379 035 $a(DE-He213)978-981-15-5757-6 035 $a(MiAaPQ)EBC6305328 035 $a(PPN)269100997 035 $a(MiAaPQ)EBC6305247 035 $a(EXLCZ)994100000011384379 100 $a20200815d2020 u| 0 101 0 $aeng 135 $aurnn|008mamaa 181 $ctxt$2rdacontent 182 $cc$2rdamedia 183 $acr$2rdacarrier 200 10$aWireless Sensor Networks /$fby Senchun Chai, Zhaoyang Wang, Baihai Zhang, Lingguo Cui, Runqi Chai 205 $a1st ed. 2020. 210 1$aSingapore :$cSpringer Nature Singapore :$cImprint: Springer,$d2020. 215 $a1 online resource (X, 282 p. 184 illus., 90 illus. in color.) 225 1 $aWireless Networks,$x2366-1445 311 08$a981-15-5756-X 327 $aIntroduction -- Small Worlds and Information Dissemination -- Protocol for Wireless Sensor Networks -- Localization technology for wireless sensor network -- Coverage control in wireless sensor network -- Community Detection Algorithms in Complex Networks. 330 $aThis book presents state-of-the-art research advances in the field of wireless sensor networks systems and approaches. It provides in-depth study on a number of major topics such as protocols, localization, coverage control, community detection, small world analysis, etc. Multidisciplinary in nature and closely integrating theory and practice, the book will be of interest to all university researchers, telecommunications engineers and graduate students in wireless sensor networks who wish to learn the core principles, methods, algorithms, and applications. It would help readers rapidly grasp major topics of wireless sensor network and their advances. 410 0$aWireless Networks,$x2366-1445 606 $aTelecommunication 606 $aWireless communication systems 606 $aMobile communication systems 606 $aEmbedded computer systems 606 $aCommunications Engineering, Networks 606 $aWireless and Mobile Communication 606 $aEmbedded Systems 615 0$aTelecommunication. 615 0$aWireless communication systems. 615 0$aMobile communication systems. 615 0$aEmbedded computer systems. 615 14$aCommunications Engineering, Networks. 615 24$aWireless and Mobile Communication. 615 24$aEmbedded Systems. 676 $a681.2 700 $aChai$b Senchun$4aut$4http://id.loc.gov/vocabulary/relators/aut$01064463 702 $aWang$b Zhaoyang$4aut$4http://id.loc.gov/vocabulary/relators/aut 702 $aZhang$b Baihai$4aut$4http://id.loc.gov/vocabulary/relators/aut 702 $aCui$b Lingguo$4aut$4http://id.loc.gov/vocabulary/relators/aut 702 $aChai$b Runqi$4aut$4http://id.loc.gov/vocabulary/relators/aut 801 0$bMiAaPQ 801 1$bMiAaPQ 801 2$bMiAaPQ 906 $aBOOK 912 $a9910416528403321 996 $aWireless Sensor Networks$92538374 997 $aUNINA